LEADER 01888oam 2200577M 450 001 9910716445503321 005 20200213070514.5 035 $a(CKB)5470000002521691 035 $a(OCoLC)1065790956 035 $a(OCoLC)995470000002521691 035 $a(EXLCZ)995470000002521691 100 $a20071213d1927 ua 0 101 0 $aeng 135 $aurcn||||||||| 181 $ctxt$2rdacontent 182 $cc$2rdamedia 183 $acr$2rdacarrier 200 10$aContributions to Fox ethnology, by Truman Michelson. [Bureau of American Ethnology Bulletin 85.] 210 1$a[Washington, D.C.] :$c[U.S. Government Printing Office],$d1927. 215 $a1 online resource (176 pages) $cillustrations 225 1 $aHouse document / 69th Congress, 2nd session. House ;$vno. 536 225 1 $a[United States congressional serial set] ;$v[serial no. 8818] 300 $aTable of contents, p. VII. 300 $aAppendices, p. 156. 300 $aIndex, p. 163. 300 $aBatch processed record: Metadata reviewed, not verified. Some fields updated by batch processes. 300 $aFDLP item number not assigned. 606 $aEthnology 606 $aFolklore 606 $aIndians$xLanguages 606 $aLinguistics 606 $aMythology 606 $aIndians 608 $aLegislative materials.$2lcgft 615 0$aEthnology. 615 0$aFolklore. 615 0$aIndians$xLanguages. 615 0$aLinguistics. 615 0$aMythology. 615 0$aIndians. 701 $aMichelson$b Truman$0838647 712 02$aSmithsonian Institution. 712 02$aSmithsonian Institution.$bBureau of American Ethnology. 801 0$bWYU 801 1$bWYU 801 2$bOCLCO 801 2$bOCLCQ 906 $aBOOK 912 $a9910716445503321 996 $aContributions to Fox ethnology, by Truman Michelson.$93460848 997 $aUNINA LEADER 02481nas 2200589- 450 001 9910891492103321 005 20260218112736.0 011 $a2476-8472 035 $a(CKB)2560000000304069 035 $a(CONSER)--2014257701 035 $a(DE-599)ZDB2854997-1 035 $a(DE-599)2854997-1 035 $a(EXLCZ)992560000000304069 100 $a20141021a20109999 -a- - 101 0 $aeng 181 $ctxt$2rdacontent 182 $cc$2rdamedia 183 $acr$2rdacarrier 200 00$aCBN journal of applied statistics 210 1$aAbuja, Nigeria:$cCentral Bank of Nigeria 215 $a1 online resource 311 08$aPrint version: CBN journal of applied statistics. 2141-9272 (DLC) 2014257701 (OCoLC)893500943 517 1 $aCBN-JAS 517 3 $aCentral Bank of Nigeria journal of applied statistics 606 $aBanks and banking$zNigeria$xMathematical models$vPeriodicals 606 $aBanks and banking$zNigeria$xStatistical methods$vPeriodicals 606 $aBanks and banking$xMathematical models$2fast$3(OCoLC)fst00826951 606 $aBanks and banking$xStatistical methods$2fast$3(OCoLC)fst00827001 606 $aEconomic history$2fast$3(OCoLC)fst00901974 606 $aEconomic history$xStatistical methods$2fast$3(OCoLC)fst00901991 606 $aEconomic policy$xMathematical models$2fast$3(OCoLC)fst00902043 606 $aEconomic policy$xStatistical methods$2fast$3(OCoLC)fst01352884 607 $aNigeria$xEconomic conditions$y21st century$xMathematical models$vPeriodicals 607 $aNigeria$xEconomic conditions$y21st century$xStatistical methods$vPeriodicals 607 $aNigeria$xEconomic policy$y21st century$xMathematical models$vPeriodicals 607 $aNigeria$xEconomic policy$y21st century$xStatistical methods$vPeriodicals 607 $aNigeria$2fast 608 $aPeriodicals.$2fast 615 0$aBanks and banking$xMathematical models 615 0$aBanks and banking$xStatistical methods 615 7$aBanks and banking$xMathematical models. 615 7$aBanks and banking$xStatistical methods. 615 7$aEconomic history. 615 7$aEconomic history$xStatistical methods. 615 7$aEconomic policy$xMathematical models. 615 7$aEconomic policy$xStatistical methods. 712 02$aCentral Bank of Nigeria. 906 $aJOURNAL 912 $a9910891492103321 920 $aexl_impl conversion 996 $aCBN journal of applied statistics$94256801 997 $aUNINA